00387pab a2200145 454500008004000000100002000040245005600060260000900116300001300125650002400138650001600162700001200178700001800190773003300208180718b1998 xxu||||| |||| 00| 0 eng d aProsterman, Roy aLarge-scale farming in China: an appropriate policy c1998 ap.74-102 aAgriculture - China aAgriculture aLi Ping aHanstand, Tim aJournal of Contemporary Asia